000 01016nam a2200289 a 4500
001 69932
003 BD-RjUL
005 20211209081939.0
008 170415r1975 nyuaf b 001 0 eng
020 _a039300774X :
_c$4.95
035 _a(BD-RjUL)70144
040 _aDLC
_cDLC
_dDLC
_dBD-RjUL
_beng
041 _aeng
082 0 0 _a306.3
_223
_bFIP 1975
100 1 _aFirth, Raymond,
_d1901-2002.
_9150062
245 1 0 _aPrimitive Polynesian economy /
_cby Raymond Firth.
260 _aNew York :
_bNorton,
_cc1965 [reprint 1975]
300 _axii, 385 p. :
_bill. ;
_c20 cm.
490 0 _aThe Norton library ; N774
500 _aReprint of the ed. published by Routledge and K. Paul, London.
504 _aIncludes bibliographical references and index.
650 0 _aTikopia (Solomon Islands people)
_9207121
650 0 _aEconomic anthropology
_zSolomon Islands
_zTikopia.
_9207122
651 0 _aTikopia (Solomon Islands)
_xEconomic conditions.
_9207123
856 _3The Norton library ; N774
942 _2ddc
_cBK
999 _c69932
_d69932